FLO Access All Areas Album - Statistics

General Stats
  • This quiz has been taken 3 times
  • The average score is 14 of 16
Answer Stats
Track Answer % Correct
2 AAA
100%
11 Caught Up
100%
7 Check
100%
16 I'm Just A Girl
100%
1 Intro
100%
12 IWH2BMX
100%
13 Nocturnal
100%
14 Shoulda Woulda Coulda
100%
6 Soft
100%
10 Trustworthy (Interlude)
100%
4 Walk Like This
100%
9 Bending My Rules
67%
15 Get It Till I'm Gone
67%
5 How Does It Feel?
67%
3 In My Bag
67%
8 On & On
33%
No matching quizzes found
Score Distribution
Percent of People with Each Score
Percentile by Number Answered
Your Score History
You have not taken this quiz